Spanish 5000 #11 - Verbs (Medium-Difficulty) - Statistics

General Stats
  • This quiz has been taken 124 times
  • The average score is 71 of 149
Answer Stats
English Spanish % Correct
to admire admirar
95%
to admit admitir
88%
to celebrate celebrar
83%
to exist existir
83%
to explore explorar
83%
to continue continuar
81%
to decide decidir
79%
to apply aplicar
76%
to have breakfast desayunar
76%
to invite invitar
76%
to indicate indicar
74%
to cry llorar
74%
to rain llover
74%
to accelerate, speed (up) acelerar
71%
to bathe, take a bath bañar
71%
to work, function funcionar
71%
to imagine imaginar
71%
to describe describir
69%
to practice practicar
69%
to articulate articular
67%
to control controlar
67%
to rest descansar
67%
to express expresar
67%
to participate participar
67%
to prefer preferir
67%
to add añadir
64%
to examine, inspect examinar
64%
to introduce, bring in introducir
64%
to observe observar
64%
to organize organizar
64%
to compare comparar
62%
to cover cubrir
62%
to find encontrar
62%
to matter, import importar
62%
to paint pintar
62%
to announce, advertise anunciar
60%
to attack atacar
60%
to defend, protect defender
60%
to destroy, ruin destruir
60%
to draw, sketch dibujar
60%
to choose, elect elegir
60%
to allow, permit permitir
60%
to prepare preparar
60%
to reduce reducir
60%
to repeat repetir
60%
to appear aparecer
57%
to share compartir
57%
to dedicate, devote dedicar
57%
to identify identificar
57%
to happen, occur ocurrir
57%
to fish pescar
57%
to plan planear
57%
to refer (to) referir
57%
a. de V: to have just Ved, finish acabar
55%
to warm, heat calentar
55%
to dine cenar
55%
to connect, plug in conectar
55%
to cross cruzar
55%
to become ill enfermar
55%
to keep, maintain mantener
55%
to multiply multiplicar
55%
to alter, modify alterar
52%
to alternate alternar
52%
to calm, soothe, relieve calmar
52%
to discover descubrir
52%
to divide dividir
52%
to initiate, start iniciar
52%
to go, leave, march marchar
52%
to hate odiar
52%
to dry secar
52%
to translate traducir
52%
to vote votar
52%
to appreciate apreciar
50%
to be lacking faltar
50%
to fight, wrestle luchar
50%
to mark, note, dial marcar
50%
to occupy, use ocupar
50%
to worry preocupar
50%
to tire, annoy cansar
48%
to anger, annoy enojar
48%
to expand expandir
48%
to repair, restore reparar
48%
to be/make quiet callar
45%
to cause, bring about causar
45%
to reach, contact contactar
45%
to determine, decide determinar
45%
to bother, disturb, upset molestar
45%
to come down, let down bajar
43%
to show, demonstrate demostrar
43%
to wake (up), arouse despertar
43%
to donate donar
43%
to guide, lead, steer guiar
43%
to print imprimir
43%
to protect proteger
43%
to cause, provoke provocar
43%
to recommend recomendar
43%
to relax relajar
43%
to represent representar
43%
to return, give back devolver
40%
to establish establecer
40%
to make wet, dampen mojar
40%
to point, note, aim apuntar
38%
to hunt cazar
38%
to fall in love enamorar
38%
to congratulate felicitar
38%
to introduce, present presentar
38%
to thank for agradecer
36%
to distribute, deliver distribuir
36%
to resolve, settle, work out resolver
36%
to suffer, undergo sufrir
36%
to assure, secure, insure asegurar
33%
to correct, rectify corregir
33%
to focus enfocar
33%
to estimate, hold in esteem estimar
33%
to regulate, adjust regular
33%
to date datar
31%
to avoid, prevent evitar
31%
to divide, leave, a p. de: starting partir
31%
to recognize, admit reconocer
31%
to result, turn out resultar
31%
to transform, change transformar
31%
to (put in) group agrupar
29%
sweep, clean out barrer
29%
to direct, manage dirigir
29%
to train entrenar
29%
to achieve, get, manage lograr
29%
to name, appoint nombrar
29%
to greet, say hello saludar
29%
to advance, progress avanzar
26%
to differ diferir
26%
to save, rescue salvar
26%
to undo, destroy, take apart deshacer
24%
to wrap envolver
24%
to choose escoger
24%
to forgive, excuse perdonar
24%
to return (to a place) regresar
24%
to amuse, entertain divertir
21%
to impress impresionar
21%
to practice, exercise ejercer
17%
to step on pisar
17%
to predict predecir
17%
to satisfy satisfacer
17%
to please agradar
14%
to add, gather agregar
14%
to excuse disculpar
14%
to transfer transferir
14%
to reply replicar
12%
to select seleccionar
7%
to celebrate festejar
5%
No matching quizzes found
Score Distribution
Percent of People with Each Score
Percentile by Number Answered
Your Score History
You have not taken this quiz